"Sectes" et le droit en France / (Record no. 2026)

MARC details
000 -LEADER
fixed length control field 01308cam a2200397 a 4500
001 - CONTROL NUMBER
control field ocm41998704
003 - CONTROL NUMBER IDENTIFIER
control field TZ-ArACH
005 - DATE AND TIME OF LATEST TRANSACTION
control field 20130123135033.0
008 - FIXED-LENGTH DATA ELEMENTS--GENERAL INFORMATION
fixed length control field 990709s1999 fr b 000 0 fre
010 ## - LIBRARY OF CONGRESS CONTROL NUMBER
LC control number 00278902
020 ## - INTERNATIONAL STANDARD BOOK NUMBER
International Standard Book Number 2130501435
020 ## - INTERNATIONAL STANDARD BOOK NUMBER
International Standard Book Number 9782130501435
035 ## - SYSTEM CONTROL NUMBER
System control number (OCoLC)41998704
040 ## - CATALOGING SOURCE
Original cataloging agency DLC
Language of cataloging eng
Transcribing agency TZ-ArACH
Modifying agency TZT
-- FCI
-- MUQ
-- OCLCQ
-- NLGGC
-- OCLCG
-- OCLCQ
041 ## - LANGUAGE CODE
Language code of text/sound track or separate title Fre
043 ## - GEOGRAPHIC AREA CODE
Geographic area code e-fr---
049 ## - LOCAL HOLDINGS (OCLC)
Holding library TZAA
050 00 - LIBRARY OF CONGRESS CALL NUMBER
Classification number KJV4248
Item number .S43
082 14 - DEWEY DECIMAL CLASSIFICATION NUMBER
Classification number 340
Edition number 1
245 05 - TITLE STATEMENT
Title "Sectes" et le droit en France /
Statement of responsibility, etc sous la direction de Francis Messner.
250 ## - EDITION STATEMENT
Edition statement 1. éd.
260 ## - PUBLICATION, DISTRIBUTION, ETC. (IMPRINT)
Place of publication, distribution, etc Paris :
Name of publisher, distributor, etc Presses universitaires de France,
Date of publication, distribution, etc 1999.
300 ## - PHYSICAL DESCRIPTION
Extent viii, 341 p. ;
Dimensions 22 cm.
490 1# - SERIES STATEMENT
Series statement Politique d'aujourd'hui
504 ## - BIBLIOGRAPHY, ETC. NOTE
Bibliography, etc Includes bibliographical references.
650 #0 - SUBJECT ADDED ENTRY--TOPICAL TERM
Topical term or geographic name as entry element Cults
General subdivision Law and legislation
Geographic subdivision France.
9 (RLIN) 7947
650 #6 - SUBJECT ADDED ENTRY--TOPICAL TERM
Topical term or geographic name as entry element Sectes
General subdivision Droit
Geographic subdivision France
Form subdivision Congrès.
9 (RLIN) 7948
650 17 - SUBJECT ADDED ENTRY--TOPICAL TERM
Topical term or geographic name as entry element Kerk en staat.
Source of heading or term gtt
9 (RLIN) 7949
650 17 - SUBJECT ADDED ENTRY--TOPICAL TERM
Topical term or geographic name as entry element Sekten.
Source of heading or term gtt
9 (RLIN) 7950
650 #7 - SUBJECT ADDED ENTRY--TOPICAL TERM
Topical term or geographic name as entry element Sectes
General subdivision Droit
Geographic subdivision France.
Source of heading or term ram
9 (RLIN) 7951
653 ## - INDEX TERM--UNCONTROLLED
Uncontrolled term Law
700 1# - ADDED ENTRY--PERSONAL NAME
Personal name Messner, Francis,
Dates associated with a name 1947-
9 (RLIN) 7952
830 #0 - SERIES ADDED ENTRY--UNIFORM TITLE
Uniform title Politique d'aujourd'hui.
9 (RLIN) 7953
942 ## - ADDED ENTRY ELEMENTS (KOHA)
Source of classification or shelving scheme Library of Congress Classification
Koha item type Books
Holdings
Home library Current library Shelving location Date acquired Full call number Barcode Koha item type
African Court on Human and Peoples' Rights Library African Court on Human and Peoples' Rights Library   23/01/2013 KJV4248 .S43 10022821 Books

African Court on Human and Peoples' Rights | For Inquiries Contact » +255 272 510 510